EKOINNOWACJE W ROZWOJU REGIONÓW

Bibliographic Details
Main Author: Krakowiak, Olga (Author)
Format: Article
Language:English
ISBN:9788022538206
Subjects:

MARC

LEADER 00000naa a2200000 a 4500
001 vtls011849940
003 SK-MaSNL
005 20260302134113.0
008 210910|2013 xo |||||||||||||||||eng|
015 |a SNBCL 
035 |a (urnnbn)urn:nbn:sk:snk:ar-a0ar6x 
035 |a urn:nbn:sk:snk-aaw57e 
035 |a (uuid)23dffbe4-b801-47b5-8bf0-86d84827b164 
040 |a SNKBUCL  |b slo  |c SNKBUCL  |e AACR2 
041 |a eng 
044 |a xo  |c SK 
100 1 |a Krakowiak, Olga  |4 aut  |9 821419 
245 1 0 |a EKOINNOWACJE W ROZWOJU REGIONÓW  |c Olga Krakowiak 
246 3 |a ECO-INNOVATION IN REGIONAL DEVELOPMENT 
336 |a text  |b txt  |c rdacontent 
337 |a bez média  |b n  |c rdamedia 
338 |a zväzok  |b nc  |c rdacarrier 
655 7 |a články zo zborníkov  |2 snkbucl  |9 166140 
773 0 |t Zborník vedeckých prác v rámci projektu Nové technológie pre energeticky environmentálne a ekonomicky efektívne zhodocovanie biomasy ITMS: 26220220063  |d Bratislava : Ekonóm, 2013  |g S. 93-98  |z 9788022538206 
958 |a OND 
958 |a article26 
958 |a chapter 
999 |c 1320007  |d 1321937